Bibliotecas escolares: un espacio para todos. SEP 130015. Banco Nacional de Cursos de Actualización 2003-2004. Guía del facilitador.

Gardado en:
Detalles Bibliográficos
Autor Principal: Pérez Buendía, Rubén (autor)
Outros autores: Diez Bíscaro, Carola Beatriz (autor) (autor), Cirianni, Gerardo (autor) (autor)
Formato: Libro
Idioma:Lingua castelá
Temas:
Acceso en liña:Ver documento en línea
Etiquetas: Engadir etiqueta
Sen Etiquetas, Sexa o primeiro en etiquetar este rexistro!

MARC

LEADER 00000nam^a2200000^u^4500
001 000515043
005 20260414000000.0
008 101006s1000^^^^^^^^^^^^r^^^^^000^0^spa^d
009 20260414074405.258
035 |a FCE 000059258 
037 |a Acervo ITESO - Biblioteca 
041 |a spa 
095 |a 261 
100 |a Pérez Buendía, Rubén  |e (autor) 
245 1 0 |a Bibliotecas escolares:  |b un espacio para todos. SEP 130015. Banco Nacional de Cursos de Actualización 2003-2004. Guía del facilitador. 
246 2 |a También se conoce como Programa para la Actualización Permanente de los Maestros de Educación Básica en Servicio. 
264 |a México:  |b SEP: DGME,  |c 2004. 
300 |a 50 p. 
336 |a texto  |b txt  |2 rdacontenido 
337 |a sin mediación  |b n  |2 rdamedio 
338 |a volumen  |b nc  |2 rdasoporte 
596 |a Archivo en formato PDF. 
596 |a Forma de Acceso: Internet vía la World Wide Web. 
596 |a Requerimientos del sistema. Internet connectivity, World Wide Web browser. 
649 |a XX 
650 |a Educación básica 
650 |a Curso 
650 |a Bibliotecas de aula 
700 |a Diez Bíscaro, Carola Beatriz  |e (autor) 
700 |a Cirianni, Gerardo  |e (autor) 
856 4 0 |u https://lectura.dgme.sep.gob.mx/3FormacionYAcomanamiento/5AsesoriaYAcompanamiento/3Cursos/BEunEspacioParaTodos/be_guia.pdf  |y Ver documento en línea 
910 |a Fondo Centro de Estudios Educativos 
920 |a Impresos - Libros 
930 |a Fondos Especiales 
905 |a 133 
902 |a https://opac.biblio.iteso.mx/vufind/Record/000515043